Mon 11 de légende de Liga - Statistiques

Statistiques générales
  • Ce quiz a été pris 486 fois
  • Le résultat moyen est 10 sur 11
Statistiques - réponses
Indice Joueur % Correct
Ailier Gauche Portugal, Real Madrid Cristiano Ronaldo
98%
Ailier Droit Argentine, Barcelone Lionel Messi
98%
Gardien de ButEspagne, Real Madrid Iker Casillas
97%
ButeurUruguay, Barcelone Luis Suarez
97%
Milieu Central Croatie, Real Madrid Luka Modric
97%
Milieu CentralEspagne, Barcelone Andres Iniesta
96%
Défenseur CentralEspagne, Real Madrid Sergio Ramos
95%
Milieu OffensifFrance, Real Madrid Zinedine Zidane
94%
Défenseur GaucheBresil, Real Madrid Marcelo
92%
Défenseur CentralEspagne, Barcelone Gerard Piqué
89%
Défenseur DroitBrésil, Barcelone Dani Alves
88%
Aucun quiz correspondant
Distribution des résultats
% des personnes avec chaque résultat
Percentile par nombre de réponses
Votre historique - résultats
Vous n’avez pas pris ce quiz